000 00806nam a2200289 i 4500
001 000042110
003 DO-SdBNP
005 20251201081330.0
007 ta
008 131114s1984 sp 001 0 spa d
020 _a8420690236
040 _aDO-SdBNP
_bspa
_cBNPHU
_erda
041 _aspa
082 4 _axxx
_bC355x
_222
100 1 _aCastro Zubiri, Carmen,
_eautor
_94755
245 1 3 _aEl hombre y Dios /
_cXavier Zubiri.
250 _aQuinta edición
264 _aMadrid :
_bAlianza
_bFundación Xavier Zubiri,
_c1984.
300 _a414 páginas ;
_c23 cm.
336 _ardacontent
_btexto
_2txt
337 _ardamedia
_bsin mediación
_2n
338 _ardacarrier
_bvolumen
_2nc
500 _aIncluye índice analítico
590 _aInventariado, 2025/DG
910 _aDG
942 _2ddc
_cLBS1
999 _c41599
_d41599